Éditorial (notice n° 2044088)

détails MARC
000 -LEADER
fixed length control field 02171cam a2200181 4500500
005 - DATE AND TIME OF LATEST TRANSACTION
control field 20260405001113.0
041 ## - LANGUAGE CODE
Language code of text/sound track or separate title fre
042 ## - AUTHENTICATION CODE
Authentication code dc
100 10 - MAIN ENTRY--PERSONAL NAME
Personal name Authier, Jean-Yves
Relator term author
245 00 - TITLE STATEMENT
Title Éditorial
260 ## - PUBLICATION, DISTRIBUTION, ETC.
Date of publication, distribution, etc. 2005.<br/>
500 ## - GENERAL NOTE
General note 57
520 ## - SUMMARY, ETC.
Summary, etc. Les variétés de vignes résistantes (VR) aux maladies pourraient être une réponse pertinente aux défis contemporains de la viticulture. Cependant, la pluralité des acteurs impliqués complexifie les décisions, générant des discours et pratiques hétérogènes, qui contribuent à freiner leur adoption. La présente étude analyse l’évolution des discours médiatiques sur les VR en France, via une revue croisée de la presse généraliste et spécialisée, complétée par une étude de cas. Elle révèle un traitement médiatique contrasté, une quasi-absence dans les médias grand public et un alignement progressif des discours en faveur des VR, soulignant le rôle moteur des professionnels de la filière. L’étude appelle à une réflexion sur les aspects commerciaux et marketing qui sera essentielle pour permettre la diffusion et la réussite des VR sur le marché.
520 ## - SUMMARY, ETC.
Summary, etc. Fungus resistant grape varieties (FRGV) are seen as a response to the current challenges of viticulture. However, the plurality of stakeholders involved complicates decision-making, generating diverse discourses and practices that hinder their adoption. This study analyses the evolution of media discourses on FRGV in France, through a cross-review of general and specialised press, complemented by a case study. It reveals a contrasted media treatment, with near-absence in mainstream outlets, a gradual alignment of discourses in favour of FRGV, and the driving role professionals from the wine industry. The study calls for consideration the commercial and marketing aspects, which will be essential to promote FRGV’s diffusion and market success. (JEL:Q16)
700 10 - ADDED ENTRY--PERSONAL NAME
Personal name Bidou, Catherine
Relator term author
786 0# - DATA SOURCE ENTRY
Note Espaces et sociétés | 120-121 | 1 | 2005-06-01 | p. 7-14 | 0014-0481
856 41 - ELECTRONIC LOCATION AND ACCESS
Uniform Resource Identifier <a href="https://shs.cairn.info/revue-espaces-et-societes-2005-1-page-7?lang=fr&redirect-ssocas=7080">https://shs.cairn.info/revue-espaces-et-societes-2005-1-page-7?lang=fr&redirect-ssocas=7080</a>

Pas d'exemplaire disponible.

PLUDOC

PLUDOC est la plateforme unique et centralisée de gestion des bibliothèques physiques et numériques de Guinée administré par le CEDUST. Elle est la plus grande base de données de ressources documentaires pour les Étudiants, Enseignants chercheurs et Chercheurs de Guinée.

Adresse

627 919 101/664 919 101

25 boulevard du commerce
Kaloum, Conakry, Guinée

Réseaux sociaux

Powered by Netsen Group @ 2025